| 000 | 00646cab a2200229 4500 | ||
|---|---|---|---|
| 001 | X2917 | ||
| 008 | 090401t1995 xxu||||| |||| 00| 0 eng d | ||
| 035 | _a(Sirsi) u27213 | ||
| 041 | _aeng | ||
| 245 | _aBonnell`s Electrical Contractors v London Underground | ||
| 260 | _c1995 | ||
| 350 | _a0 | ||
| 490 |
_aConstruction Industry Law Letter _v(1995) CILL 1110-1113(4) |
||
| 650 | _aCALL-OUT CONTRACT | ||
| 650 | _aDAMPER CONTROL PANELS CONTRACT | ||
| 650 | _aEXCLUSIVITY | ||
| 650 | _aMAINTENANCE CONTRACTS | ||
| 650 | _aPOST-REPUDIATION CONTRACT | ||
| 690 | _aBUILDING AND CONSTRUCTION-CASE LAW | ||
| 942 | _n0 | ||
| 948 | _c04/03/1997 | ||
| 999 |
_c18319 _d18319 |
||